MDQL
is popping MORE tags! Check the
thread
!
Quizzes
Events
Quiz Creation
Community
Videos
Private Events
Remove Ads
Sign In
Join for FREE
Feedback
Dark Mode
Quiz Categories
Sports
Geography
Music
Movies
Television
Just For Fun
Miscellaneous
History
Literature
Language
Science
Gaming
Entertainment
Religion
Holiday
For Kids
Quiz Lab
Recent
Popular Today
Quiz Kudos Today
Editor Picks
Curator Picks
Quizzes by...
Day
Popularity
Type
Ratings
Length
Year
Community
Subscriptions
Recent Discussions
Orange Saloon
Badges
Playlists
Quests
Create
Leaderboards
Showdown
Live 5
Trivia Bingo
Activity
Puzzle Library
Sporcle Events
Private Events
Virtual Trivia
Globe League
Become a Host
Pub Owners
SporcleCon
Opinionation
Our Games
Videos
Blog
Mobile Apps
Partnerships
Remove Ads and Go Orange
Feedback
Television
TV Characters
TV Show
Sitcom
Network
Friends
Reality Shows
Cast
South Park
Star Trek
The Simpsons
Doctor Who
Television
TV Characters
TV Show
Sitcom
Network
Friends
Reality Shows
Cast
South Park
Star Trek
The Simpsons
Doctor Who
Random Quiz
Search Sporcle
×
Quiz Lab
Quiz Lab
Television
TV Show
Type answers based on single images at one time
Type answers based on single images at one time
Slideshow
Best Score? Go Orange.
American Crime Television Series Stats
Can you name these American crime/police shows?
By
Nietos
7m
25 Questions
519 Plays
519 Plays
519 Plays
Comments
Comments
Give Quiz Kudos
Give Quiz Kudos
-
- Ratings
hide this ad
Replay
Link that replays current quiz
Next Quiz
Link to next quiz in quiz playlist
You Got
0%
They Got
Avg Score
36%
Avg Friend Score
Upgrade to see
Score Distribution
Jump to the score distribution portion of the page
Score
0/25
Timer
07:00
0
Plays Today
% Correct
Murder, She Wrote
77.9%
Fargo
71%
The Blacklist
67.1%
Boardwalk Empire
64.8%
Sons of Anarchy
53.6%
Cagney & Lacey
53%
Person of Interest
48%
True Detective
47%
The Shield
45.6%
White Collar
44.5%
Narcos
42.2%
The Wire
40.2%
Justified
36.9%
% Correct
Blindspot
33.3%
Grimm
27.7%
Longmire
22.8%
Southland
22.4%
Leverage
22.2%
Bosch
20.3%
The Bridge
15.3%
Life
15.1%
Terriers
12.4%
Banshee
10.8%
Fastlane
9.7%
Martial Law
9.1%
Quiz Playlist
Details
Report
Send in Message
Add To Playlist
Slideshow:
Type answers based on single images at one time
Last Updated: Jul 17, 2017
Quiz Scoreboard
CHALLENGE
Sign Up to Join the Scoreboard
Show All
Scores
Hide
Comments
May contain spoilers
Recently Published
Holiday 10x10 Sorting Gallery
by lukepisani3
Holiday
15m
Two Season TV Shows II
by 123Four
Television
10m
Image Sorting: Flags VI
by Barbecue
Geography
2m
More to Explore
Quiz From the Vault
Featured Blog Post
14 Easter Pick-up Lines to Find Eggs With
hide this ad
You Might Also Like...
Tags
Cast Quiz
TV Show Quiz
crime
Law
police
Slideshow
Today's Top Quizzes in Television
Browse Television
hide this ad
Today's Top Quizzes in TV Show
Browse TV Show
Top Contributed Quizzes in Television
1
Survivor Journey Challenge
2
Even More Two Season TV Shows
3
Adjectives in 00s TV Shows
4
Brooklyn Nine Nine Logic Puzzle (How-To-Play)
5
Adjectives in 10s TV Shows
6
Click the SpongeBob Episodes (Season 3)
7
Even More Three Season TV Shows
8
Survivor Logic Puzzle: Heroes vs. Villains
9
Total Drama Characters
10
Survivor Heroes vs. Villains Logic Puzzle
Explore More
Trending Topics
Marvel
Anime
Disney
Crossword
Harry Potter
NBA
Kpop
Soccer
Pokémon
Song
WWE
The Office
Country
NFL
Puzzle
hide this ad
More By:
Nietos
Quiz
Plays
Rating
Category
Featured
Created
Order Up: House Greyjoy
4
Literature
Mar 29, 2024
Order Up: House Lannister
30
5.00
Literature
Mar 26, 2024
Order Up: House Tully
33
5.00
Literature
Mar 26, 2024
Order Up: House Baratheon
57
5.00
Literature
Mar 25, 2024
Order Up: House Stark
67
5.00
Literature
Mar 25, 2024
Go to Creator's Profile
Score Distribution
Quiz Creator Spotlight
Nietos
Follow
Send a Message
Quizzes Created
-
Created Quiz Play Count
-
More By This Creator
Popular Quizzes Today
1
Find the US States - No Outlines Minefield
2
Colored Red Africa Blitz
3
Find the 'City' Movie
4
The Countries of the World
5
5x2 Blitz: Bands
6
Find the Countries of Europe - No Outlines Minefield
7
Find the US States
8
US States
More Television Quizzes
Michael Scott Start to Finish
Published
Trending Quizzes
Colored Red Europe Blitz I
Colored Red Europe Blitz II
Colored Red Africa Blitz II
Even More Two Season TV Shows
Colored Red Africa Blitz III
Recently Updated
Odd Team Out - Big 4 Players
pecheneg
Quick Pick: 20 Twenties
pecheneg
March Madness Men's Triple Doubles
pecheneg
How Do You Spell That?
pecheneg
Godzilla Movies
pecheneg
Grab Bag: 4-10 Letters
pecheneg
2024 March Madness Bracket
pecheneg
Famous TV Couples
Peacemaker
Champions League XIs: Real Madrid
pecheneg
Largest US Cities 1790-2010
pecheneg
Trending Topics
Anime
Disney
Crossword
NBA
Kpop
Marvel
Harry Potter
Country
Pokémon
Song
NFL
The Office
Puzzle
WWE
Soccer
Your Account Isn't Verified!
In order to create a playlist on Sporcle, you need to verify the email address you used during registration. Go to your
Sporcle Settings
to finish the process.
Report this User
Report this user for behavior that violates our
Community Guidelines
.
Details:
Send Report
Go to the Sporcle.com Mobile Site →
Comments